[Event "DVM U14w 2017"]
[Site "Neumünster GER"]
[Date "2017.12.28"]
[Round "3"]
[White "Nanthivarman, Merymuthu"]
[Black "Shevchenko, Alyona"]
[Result "0-1"]
[Termination "normal"]
[Board "6.4"]
[WhiteElo "1007"]
[BlackElo "1176"]
[WhiteTeam "OSG Baden-Baden"]
[BlackTeam "Karlsruher SF"]
[PlyCount "150"]
[WhiteFideId "16255755"]
[BlackFideId "12983420"]
[EventCountry "GER"]
[EventRounds "7"]
[EventType "team-swiss"]
[EventDate "2017.12.26"]

1. e4 c6 2. d4 d5 3. e5 Bf5 4. Nc3 e6 5. Nf3 Nd7 6. Bd3 Bxd3 7. Qxd3 h6 8. O-O
Ne7 9. Be3 Qb6 10. b3 c5 11. Na4 Qc6 12. Nxc5 Nxc5 13. dxc5 Nf5 14. Nd4 Nxd4
15. Qxd4 a5 16. c4 Rd8 17. a4 Be7 18. Qg4 Rh7 19. Qd4 h5 20. h4 g6 21. Rad1 Rg7
22. cxd5 Rxd5 23. Qc4 g5 24. hxg5 Bxg5 25. Bxg5 Rxg5 26. Rxd5 exd5 27. Qf4 Qg6
28. g3 Rg4 29. Qf3 Qe4 30. Qxe4 Rxe4 31. f4 Re3 32. Kg2 Rxb3 33. Rd1 Rb4 34.
Rxd5 Rxa4 35. Kh3 Ra1 36. Kh4 Rh1+ 37. Kg5 a4 38. Kf6 a3 39. Rd2 Rb1 40. Ra2
Rb3 41. f5 Rxg3 42. e6 fxe6 43. fxe6 h4 44. e7 h3 45. Rd2 Rf3+ 46. Kg5 Rg3+ 47.
Kf6 Rf3+ 48. Kg5 Kxe7 49. Kg4 Rb3 50. Ra2 Ke6 51. Rd2 Ke5 52. Rf2 Kd5 53. Rf5+
Kc4 54. Rf4+ Kxc5 55. Rf5+ Kb6 56. Rf6+ Ka7 57. Rf1 h2 58. Rd1 a2 59. Ra1 Ra3
60. Kf4 h1=Q 61. Rxh1 a1=Q 62. Rxa1 Rxa1 63. Ke4 Rd1 64. Ke3 b5 65. Ke2 Rd8 66.
Ke3 b4 67. Ke4 b3 68. Ke5 b2 69. Ke6 b1=Q 70. Ke7 Rd4 71. Ke6 Qe4+ 72. Kf6 Rd5
73. Kf7 Rd6 74. Kg7 Qe7+ 75. Kg8 Rd8# 0-1

[Event "DVM U14w 2017"]
[Site "Neumünster GER"]
[Date "2017.12.28"]
[Round "3"]
[White "Schwegler, Jelena"]
[Black "Eulitz, Charlotte"]
[Result "0-1"]
[Termination "normal"]
[Board "7.1"]
[WhiteElo "1544"]
[BlackElo "1544"]
[WhiteTeam "SK Bad Homburg"]
[BlackTeam "SC Borussia 1920 Friedrichsfelde"]
[PlyCount "78"]
[WhiteFideId "16225481"]
[BlackFideId "12964654"]
[EventCountry "GER"]
[EventRounds "7"]
[EventType "team-swiss"]
[EventDate "2017.12.26"]

1. e4 e5 2. Nf3 Nc6 3. d4 exd4 4. Nxd4 Qh4 5. Nc3 Bb4 6. Nxc6 Qxe4+ 7. Qe2
Qxe2+ 8. Bxe2 dxc6 9. Bd2 Bf5 10. O-O-O O-O-O 11. Bc4 Bg6 12. Rhe1 Nf6 13. a3
Bc5 14. f3 Rhe8 15. Bg5 Rxd1+ 16. Rxd1 Be3+ 17. Bxe3 Rxe3 18. Rd4 Re1+ 19. Rd1
Rxd1+ 20. Kxd1 Kd7 21. Bb3 Kd6 22. Kd2 Ke5 23. Ke3 Nd5+ 24. Bxd5 cxd5 25. f4+
Ke6 26. Kd2 c6 27. Na4 Kf5 28. Ke3 Kg4 29. c3 b6 30. b4 Be4 31. Nb2 Bxg2 32.
Nd3 Kh3 33. Ne5 c5 34. Nxf7 Kxh2 35. Ng5 h6 36. Ne6 cxb4 37. axb4 g6 38. Nc7
Kg3 39. Nb5 a5 0-1

[Event "DVM U14w 2017"]
[Site "Neumünster GER"]
[Date "2017.12.28"]
[Round "3"]
[White "Berghold, Lotta"]
[Black "Tornay, Haizea"]
[Result "1/2-1/2"]
[Termination "normal"]
[Board "7.2"]
[WhiteElo "1369"]
[BlackElo "1320"]
[WhiteTeam "SC Borussia 1920 Friedrichsfelde"]
[BlackTeam "SK Bad Homburg"]
[PlyCount "71"]
[WhiteFideId "16243463"]
[BlackFideId "16205758"]
[EventCountry "GER"]
[EventRounds "7"]
[EventType "team-swiss"]
[EventDate "2017.12.26"]

1. d4 Nf6 2. Bg5 g6 3. Bxf6 exf6 4. Nf3 Bg7 5. e4 d6 6. c3 O-O 7. Bd3 Re8 8.
O-O d5 9. Nbd2 b6 10. exd5 Qxd5 11. Re1 Qd7 12. Rxe8+ Qxe8 13. Qe1 Bd7 14.
Qxe8+ Bxe8 15. Re1 Nc6 16. Bb5 Kf8 17. Bc4 Bd7 18. Nf1 Na5 19. Bd3 Be6 20. b3
Rd8 21. Bc2 Rc8 22. c4 c6 23. Ne3 Rd8 24. Rd1 Ke7 25. d5 cxd5 26. cxd5 Bc8 27.
Nc4 Bb7 28. Be4 Ke8 29. Ne1 f5 30. Bf3 g5 31. g3 g4 32. Bg2 Nxc4 33. bxc4 Rc8
34. Rc1 Bd4 35. Bf1 b5 36. Nc2 1/2-1/2

[Event "DVM U14w 2017"]
[Site "Neumünster GER"]
[Date "2017.12.28"]
[Round "3"]
[White "Goetz, Fenja"]
[Black "Oschlies, Tami"]
[Result "0-1"]
[Termination "normal"]
[Board "7.3"]
[WhiteElo "1402"]
[BlackElo "1387"]
[WhiteTeam "SK Bad Homburg"]
[BlackTeam "SC Borussia 1920 Friedrichsfelde"]
[PlyCount "158"]
[WhiteFideId "16250516"]
[BlackFideId "16217365"]
[EventCountry "GER"]
[EventRounds "7"]
[EventType "team-swiss"]
[EventDate "2017.12.26"]

1. e4 c5 2. Nf3 d6 3. d4 cxd4 4. Nxd4 Nc6 5. Bb5 Bd7 6. Nc3 a6 7. Bc4 e6 8. a4
Be7 9. Bf4 Nf6 10. O-O Nxd4 11. Qxd4 e5 12. Bxe5 dxe5 13. Qxe5 O-O 14. Rad1 Qe8
15. b3 Bb4 16. Qxe8 Rfxe8 17. Na2 Bc5 18. Nc3 Bc6 19. Bd5 Bxd5 20. exd5 Rad8
21. Rd3 Re5 22. Rfd1 Ng4 23. Rf3 Bb4 24. h3 Bxc3 25. Rxc3 Nf6 26. d6 Kf8 27.
Rc7 Rd7 28. c4 Ke8 29. b4 Kd8 30. Rc5 Rxc5 31. bxc5 Ne8 32. a5 Kc8 33. Kf1 Nc7
34. Ke2 Ne6 35. Ke3 Nxc5 36. Rd5 Nb3 37. Kd3 Nxa5 38. Rxa5 Rxd6+ 39. Kc3 Kd7
40. Kb4 Rb6+ 41. Kc3 Ke6 42. f3 g6 43. g4 Rb1 44. Kd4 Rb3 45. Re5+ Kd6 46. Rd5+
Kc6 47. Ke4 b5 48. cxb5+ Rxb5 49. Rd8 a5 50. Rf8 f5+ 51. Ke3 fxg4 52. fxg4 Rb3+
53. Kd2 Rxh3 54. Rb8 Rg3 55. Rc8+ Kd5 56. Rd8+ Ke6 57. Ra8 Rxg4 58. Rxa5 Rf4
59. Ke3 Rf8 60. Ke4 Rf1 61. Ra6+ Kf7 62. Ra7+ Kg8 63. Ra8+ Kg7 64. Ra7+ Kh6 65.
Ra2 g5 66. Rh2+ Kg6 67. Ke3 h6 68. Rf2 Rxf2 69. Kxf2 Kf5 70. Kf3 g4+ 71. Kg3 h5
72. Kg2 h4 73. Kg1 Kf4 74. Kf2 g3+ 75. Kg2 h3+ 76. Kg1 Kf3 77. Kf1 g2+ 78. Kg1
h2+ 79. Kxh2 Kf2 0-1

[Event "DVM U14w 2017"]
[Site "Neumünster GER"]
[Date "2017.12.28"]
[Round "3"]
[White "Relógio Stauber, Anna"]
[Black "Rahimova, Sarah"]
[Result "1-0"]
[Termination "normal"]
[Board "7.4"]
[WhiteElo "1219"]
[BlackElo "1072"]
[WhiteTeam "SC Borussia 1920 Friedrichsfelde"]
[BlackTeam "SK Bad Homburg"]
[PlyCount "45"]
[WhiteFideId "16255771"]
[BlackFideId "16255801"]
[EventCountry "GER"]
[EventRounds "7"]
[EventType "team-swiss"]
[EventDate "2017.12.26"]

1. d4 d5 2. Nf3 Nf6 3. e3 Bf5 4. Bd3 Qd7 5. O-O Nc6 6. c3 e6 7. Qc2 Bd6 8. Nbd2
O-O 9. e4 Nxe4 10. Nxe4 Bxe4 11. Bxe4 dxe4 12. Qxe4 f5 13. Qh4 Rf6 14. Re1 Rg6
15. Bd2 Rg4 16. Qh5 g6 17. Qh6 Qg7 18. Rxe6 Qf7 19. Rae1 g5 20. Nxg5 Qg7 21.
Re8+ Rxe8 22. Rxe8+ Bf8 23. Ne6 1-0

[Event "DVM U14w 2017"]
[Site "Neumünster GER"]
[Date "2017.12.28"]
[Round "3"]
[White "Bardorz, Jana"]
[Black "Werner, Rosalie"]
[Result "1/2-1/2"]
[Termination "normal"]
[Board "8.1"]
[WhiteElo "1542"]
[BlackElo "1546"]
[WhiteTeam "SK Neumarkt"]
[BlackTeam "VSG 1880 Offenbach"]
[PlyCount "42"]
[WhiteFideId "16208897"]
[BlackFideId "16223748"]
[EventCountry "GER"]
[EventRounds "7"]
[EventType "team-swiss"]
[EventDate "2017.12.26"]

1. e4 e6 2. d4 d5 3. Nd2 Nf6 4. e5 Nfd7 5. c3 c5 6. Bd3 Nc6 7. Ne2 cxd4 8. cxd4
Be7 9. Nf3 f6 10. exf6 Nxf6 11. O-O Bd6 12. Bf4 O-O 13. Bxd6 Qxd6 14. Ng3 e5
15. dxe5 Nxe5 16. Nxe5 Qxe5 17. Qe2 Qd6 18. Nf5 Bxf5 19. Bxf5 Rfe8 20. Qd2 Qe5
21. Bd3 Ng4 1/2-1/2

[Event "DVM U14w 2017"]
[Site "Neumünster GER"]
[Date "2017.12.28"]
[Round "3"]
[White "Buchholz, Maja"]
[Black "Schilay, Maria"]
[Result "0-1"]
[Termination "normal"]
[Board "8.2"]
[WhiteElo "1266"]
[BlackElo "1331"]
[WhiteTeam "VSG 1880 Offenbach"]
[BlackTeam "SK Neumarkt"]
[PlyCount "76"]
[WhiteFideId "16200500"]
[BlackFideId "12942979"]
[EventCountry "GER"]
[EventRounds "7"]
[EventType "team-swiss"]
[EventDate "2017.12.26"]

1. c4 e6 2. Nf3 d5 3. cxd5 exd5 4. g3 c6 5. Bg2 Nf6 6. O-O Be6 7. d3 Bc5 8. Qc2
Nbd7 9. Bf4 O-O 10. Nbd2 Re8 11. Nb3 Bb6 12. Rac1 Rc8 13. Bd6 Bc7 14. Bb4 Bf5
15. Qd2 Ne5 16. Bc3 Qe7 17. Qg5 Bg6 18. Bh3 Rcd8 19. Nh4 h6 20. Nxg6 Nxg6 21.
Qf5 Bb6 22. Rfe1 d4 23. Ba5 Nd5 24. Bxb6 Nxb6 25. Qa5 Qc7 26. Qb4 Nd5 27. Qxd4
Ndf4 28. Qxa7 Nxh3+ 29. Kg2 Ng5 30. Qc5 Qd7 31. h4 Qh3+ 32. Kg1 Ne6 33. Qb4 Rd5
34. e3 Rh5 35. Qxb7 Nxh4 36. gxh4 Rxh4 37. Qxc6 Rg4+ 38. Qg2 Qxg2# 0-1

[Event "DVM U14w 2017"]
[Site "Neumünster GER"]
[Date "2017.12.28"]
[Round "3"]
[White "Burger, Daiana"]
[Black "Dixon, Laura Michaela"]
[Result "0-1"]
[Termination "normal"]
[Board "8.3"]
[WhiteElo "973"]
[BlackElo "1105"]
[WhiteTeam "SK Neumarkt"]
[BlackTeam "VSG 1880 Offenbach"]
[PlyCount "48"]
[WhiteFideId "16217233"]
[BlackFideId "16248708"]
[EventCountry "GER"]
[EventRounds "7"]
[EventType "team-swiss"]
[EventDate "2017.12.26"]

1. d4 d5 2. Nf3 Bf5 3. e3 Nf6 4. Bd3 Ne4 5. O-O e6 6. b3 Bd6 7. Ne5 Nd7 8. Bb2
c5 9. f3 Nef6 10. Qe2 Qc7 11. f4 Ne4 12. Qh5 Ndf6 13. Bb5+ Kf8 14. Qxf7+ Qxf7
15. Nxf7 Kxf7 16. Rd1 Rag8 17. Nd2 g5 18. fxg5 Rxg5 19. Nf3 Rg7 20. Ne5+ Bxe5
21. dxe5 Ng4 22. c4 Nxe3 23. Rd3 Rxg2+ 24. Kh1 Nf2# 0-1

[Event "DVM U14w 2017"]
[Site "Neumünster GER"]
[Date "2017.12.28"]
[Round "3"]
[White "Hentschker, Josefin"]
[Black "Burger, Radena"]
[Result "1-0"]
[Termination "normal"]
[Board "8.4"]
[WhiteElo "1111"]
[BlackElo "813"]
[WhiteTeam "VSG 1880 Offenbach"]
[BlackTeam "SK Neumarkt"]
[PlyCount "59"]
[WhiteFideId "16255810"]
[BlackFideId "16217241"]
[EventCountry "GER"]
[EventRounds "7"]
[EventType "team-swiss"]
[EventDate "2017.12.26"]

1. e4 e5 2. Nf3 Nc6 3. Bc4 Nf6 4. Nc3 Bc5 5. d3 h6 6. Be3 Bb6 7. O-O O-O 8. Qd2
d6 9. h3 Bxe3 10. fxe3 a6 11. a3 b5 12. Bb3 Na5 13. Bd5 c6 14. Ba2 Bb7 15. b4
d5 16. bxa5 Qxa5 17. Nb1 Qa4 18. Bb3 Nxe4 19. Qe1 Nc5 20. Bxa4 Nxa4 21. Nxe5 d4
22. exd4 Rfe8 23. Qf2 Re7 24. Nxf7 Rf8 25. Nxh6+ gxh6 26. Qxf8+ Kh7 27. Qxe7+
Kg6 28. Qf7+ Kg5 29. Qf5+ Kh4 30. Qg4# 1-0

[Event "DVM U14w 2017"]
[Site "Neumünster GER"]
[Date "2017.12.28"]
[Round "3"]
[White "Ziegenfuß, Larissa"]
[Black "Becker, Linda"]
[Result "1-0"]
[Termination "normal"]
[Board "9.1"]
[WhiteElo "1691"]
[BlackElo "1420"]
[WhiteTeam "SG Blau-Weiß Stadtilm"]
[BlackTeam "SG Porz"]
[PlyCount "53"]
[WhiteFideId "12974722"]
[BlackFideId "16244753"]
[EventCountry "GER"]
[EventRounds "7"]
[EventType "team-swiss"]
[EventDate "2017.12.26"]

1. e4 e6 2. d3 d5 3. Nd2 c5 4. g3 Nc6 5. Bg2 Nf6 6. Ngf3 Be7 7. O-O O-O 8. e5
Nd7 9. Re1 Qc7 10. Qe2 b5 11. Nf1 Nb6 12. Bf4 Bb7 13. h4 Rfd8 14. h5 h6 15.
N1h2 c4 16. d4 b4 17. g4 Kf8 18. g5 hxg5 19. Bxg5 Bxg5 20. Nxg5 Nxd4 21. Qd2
Nc6 22. Qf4 Ke8 23. Ng4 Qe7 24. h6 gxh6 25. Nf6+ Kf8 26. Ngh7+ Kg7 27. Re4 1-0

[Event "DVM U14w 2017"]
[Site "Neumünster GER"]
[Date "2017.12.28"]
[Round "3"]
[White "Schmidt, Pauline"]
[Black "Ramien, Hannah"]
[Result "1-0"]
[Termination "normal"]
[Board "9.3"]
[WhiteElo "1271"]
[BlackElo "1351"]
[WhiteTeam "SG Blau-Weiß Stadtilm"]
[BlackTeam "SG Porz"]
[PlyCount "55"]
[WhiteFideId "16209850"]
[BlackFideId "16209982"]
[EventCountry "GER"]
[EventRounds "7"]
[EventType "team-swiss"]
[EventDate "2017.12.26"]

1. e4 e5 2. Nf3 Nc6 3. d4 exd4 4. Bc4 Bb4+ 5. c3 dxc3 6. O-O Nf6 7. e5 d5 8.
Bb3 cxb2 9. Bxb2 Ne4 10. Bxd5 Bf5 11. Bxc6+ bxc6 12. Qa4 Rb8 13. Rd1 Bd7 14.
Qc2 Ng5 15. Nd4 Rb6 16. a3 Be7 17. f4 Ne6 18. Nxe6 fxe6 19. f5 Qc8 20. f6 gxf6
21. exf6 Rf8 22. fxe7 Kxe7 23. Qxh7+ Rf7 24. Qh4+ Ke8 25. Bd4 Rb7 26. Bc5 Qd8
27. Qh8+ Rf8 28. Qxf8# 1-0

[Event "DVM U14w 2017"]
[Site "Neumünster GER"]
[Date "2017.12.28"]
[Round "3"]
[White "Popovidi, Angeliki"]
[Black "Wilhelm, Anna-Lena"]
[Result "0-1"]
[Termination "normal"]
[Board "9.4"]
[WhiteElo "726"]
[BlackElo "1122"]
[WhiteTeam "SG Porz"]
[BlackTeam "SG Blau-Weiß Stadtilm"]
[PlyCount "88"]
[WhiteFideId "16255844"]
[BlackFideId "16230094"]
[EventCountry "GER"]
[EventRounds "7"]
[EventType "team-swiss"]
[EventDate "2017.12.26"]

1. e4 e5 2. Nf3 Nc6 3. Nc3 Bc5 4. Qe2 Nf6 5. a3 d6 6. h3 Be6 7. d3 h6 8. Be3
Bb6 9. Bxb6 axb6 10. O-O-O d5 11. d4 Qd6 12. Qe3 Nxe4 13. Nxe4 dxe4 14. Qxe4
Qd5 15. Re1 Qxe4 16. Rxe4 Bf5 17. Re2 O-O 18. dxe5 Rfe8 19. Re3 Be6 20. Bb5 Ra5
21. Bxc6 bxc6 22. Rhe1 Rd8 23. Rd1 Rxd1+ 24. Kxd1 Rc5 25. Re4 Bf5 26. Rf4 Bxc2+
27. Ke2 Bb3 28. Nd4 Rxe5+ 29. Kf3 Bd5+ 30. Kg3 Rg5+ 31. Rg4 Re5 32. Nf3 Re2 33.
Nd4 Rxb2 34. Nf5 Kf8 35. Rxg7 Rb3+ 36. Kh4 Bxg2 37. Nxh6 Kxg7 38. Nf5+ Kf6 39.
Nd4 Rxa3 40. Ne2 Bxh3 41. Ng3 Bf5 42. Nh5+ Kg6 43. Nf4+ Kh6 44. Ne2 Rh3# 0-1

[Event "DVM U14w 2017"]
[Site "Neumünster GER"]
[Date "2017.12.28"]
[Round "3"]
[White "Rothenberg, Nina"]
[Black "Karlinger De la Quintana, Ainhoa"]
[Result "1/2-1/2"]
[Termination "normal"]
[Board "10.1"]
[WhiteElo "1587"]
[BlackElo "1436"]
[WhiteTeam "TuRa Harksheide Norderstedt"]
[BlackTeam "SC Vaterstetten"]
[PlyCount "42"]
[WhiteFideId "16208943"]
[BlackFideId "16217268"]
[EventCountry "GER"]
[EventRounds "7"]
[EventType "team-swiss"]
[EventDate "2017.12.26"]

1. e4 g6 2. d4 c5 3. Nf3 cxd4 4. Nxd4 Bg7 5. c3 e6 6. Be3 Ne7 7. Nd2 O-O 8. Bd3
d6 9. O-O Kh8 10. Kh1 f5 11. f4 e5 12. Ne2 Nbc6 13. Ng3 fxe4 14. Bxe4 d5 15.
Bc2 d4 16. cxd4 exf4 17. Rxf4 Rxf4 18. Bxf4 Nxd4 19. Nde4 Nec6 20. Ba4 Qb6 21.
Rb1 Bf5 1/2-1/2

[Event "DVM U14w 2017"]
[Site "Neumünster GER"]
[Date "2017.12.28"]
[Round "3"]
[White "Schmitt, Xenia"]
[Black "Löding, Sarah-Marie"]
[Result "0-1"]
[Termination "normal"]
[Board "10.2"]
[WhiteElo "1065"]
[BlackElo "1169"]
[WhiteTeam "SC Vaterstetten"]
[BlackTeam "TuRa Harksheide Norderstedt"]
[PlyCount "108"]
[WhiteFideId "16241614"]
[BlackFideId "16245164"]
[EventCountry "GER"]
[EventRounds "7"]
[EventType "team-swiss"]
[EventDate "2017.12.26"]

1. e4 e5 2. Nf3 Nf6 3. Nc3 Nc6 4. d4 exd4 5. Nxd4 Nxd4 6. Qxd4 d6 7. Bg5 Be7 8.
Bc4 O-O 9. O-O c6 10. b4 Nxe4 11. Bxe7 Qxe7 12. Rfe1 d5 13. Bd3 Bf5 14. f3 Qg5
15. fxe4 Bh3 16. g3 a6 17. Bf1 Bg4 18. exd5 Rad8 19. Re5 f5 20. Ne4 Qg6 21. Nf2
Bf3 22. Qf4 Bxd5 23. c4 Be6 24. b5 axb5 25. cxb5 cxb5 26. Rxb5 Bd5 27. Rab1 h5
28. Bg2 Bc6 29. Bxc6 bxc6 30. Rb6 Qf6 31. Qc4+ Kh8 32. Rxc6 Qe5 33. Rc7 f4 34.
Rf1 fxg3 35. Nd3 gxh2+ 36. Kg2 Qe2+ 37. Rf2 Rxd3 38. Qxd3 Rxf2+ 39. Kh3 Rf3+
40. Qxf3 Qxf3+ 41. Kxh2 Qf4+ 42. Kh1 Qxc7 43. a4 Qe5 44. Kg2 g5 45. a5 Qxa5 46.
Kh3 Qb4 47. Kg3 Qf4+ 48. Kh3 Qg4+ 49. Kh2 Kg7 50. Kh1 Kf6 51. Kh2 Kf5 52. Kh1
Kf4 53. Kh2 Kf3 54. Kh1 Qg2# 0-1

[Event "DVM U14w 2017"]
[Site "Neumünster GER"]
[Date "2017.12.28"]
[Round "3"]
[White "Foos, Vanessa"]
[Black "Röll, Laura"]
[Result "1-0"]
[Termination "normal"]
[Board "10.3"]
[WhiteElo "1207"]
[BlackElo "1006"]
[WhiteTeam "TuRa Harksheide Norderstedt"]
[BlackTeam "SC Vaterstetten"]
[PlyCount "129"]
[WhiteFideId "16245270"]
[BlackFideId "16213394"]
[EventCountry "GER"]
[EventRounds "7"]
[EventType "team-swiss"]
[EventDate "2017.12.26"]

1. e4 e5 2. Nf3 Nc6 3. Bc4 Nf6 4. Ng5 d5 5. exd5 Na5 6. Bb5+ Bd7 7. Bxd7+ Qxd7
8. Nc3 O-O-O 9. d4 Bb4 10. dxe5 Nxd5 11. Bd2 Bxc3 12. Bxc3 Nc6 13. O-O Qf5 14.
Qh5 Nf4 15. g4 Nxh5 16. gxf5 Rd7 17. e6 fxe6 18. fxe6 Re7 19. Rfe1 Nf4 20. Re4
Nh5 21. Rae1 Nf6 22. Bxf6 gxf6 23. Nf3 Rg8+ 24. Kf1 f5 25. Rf4 Rf8 26. Nh4 Rf6
27. Rxf5 Rxf5 28. Nxf5 Re8 29. Kg2 Nb4 30. e7 Nxc2 31. Re4 a5 32. Ng7 Kd7 33.
Nxe8 Kxe8 34. f4 Nb4 35. f5 Nd5 36. Kf3 Nxe7 37. f6 b5 38. fxe7 c5 39. Re5 b4
40. Rxc5 a4 41. Rc4 b3 42. axb3 axb3 43. Rc3 h5 44. Rxb3 h4 45. Rb8+ Kxe7 46.
b4 h3 47. b5 Kd7 48. b6 Kc6 49. Rg8 Kxb6 50. Kg3 Kc7 51. Kxh3 Kd7 52. Kg2 Ke7
53. h4 Kf7 54. Rg3 Kf6 55. h5 Kf7 56. h6 Kf6 57. h7 Kf7 58. h8=Q Ke7 59. Qe5+
Kd7 60. Rd3+ Kc6 61. Qc3+ Kb5 62. Rd8 Ka4 63. Ra8+ Kb5 64. Rb8+ Ka4 65. Qa1#
1-0

[Event "DVM U14w 2017"]
[Site "Neumünster GER"]
[Date "2017.12.28"]
[Round "3"]
[White "Spreen, Merle"]
[Black "Rößl, Sara"]
[Result "0-1"]
[Termination "normal"]
[Board "10.4"]
[WhiteElo "866"]
[BlackElo "921"]
[WhiteTeam "SC Vaterstetten"]
[BlackTeam "TuRa Harksheide Norderstedt"]
[PlyCount "70"]
[WhiteFideId "16241606"]
[BlackFideId "16255828"]
[EventCountry "GER"]
[EventRounds "7"]
[EventType "team-swiss"]
[EventDate "2017.12.26"]

1. e4 e5 2. Bc4 Nf6 3. d3 Nc6 4. Nc3 Bb4 5. Bg5 d6 6. a3 Ba5 7. Nf3 Bg4 8. h3
Bh5 9. g4 Bg6 10. Nh4 h6 11. Nxg6 fxg6 12. Bd2 Rf8 13. h4 Qd7 14. Nd5 Nxd5 15.
Rf1 Nf6 16. g5 Ng4 17. Qe2 O-O-O 18. O-O-O Nd4 19. Qe1 Nf3 20. Qe2 Nxd2 21. Rg1
Nh2 22. c3 Nxc4 23. dxc4 Qa4 24. Rd2 Nf3 25. Rg3 Nxd2 26. Qxd2 Bb6 27. Rg2 Qxc4
28. Qe1 Rf7 29. Qg1 Rdf8 30. Qd1 Rxf2 31. Qg4+ Kb8 32. Rg3 Qf1+ 33. Qd1 Qc4 34.
Qg4 Qa2 35. Kd1 Qa1# 0-1

[Event "DVM U14w 2017"]
[Site "Neumünster GER"]
[Date "2017.12.29"]
[Round "5"]
[White "Doll, Rebecca"]
[Black "Müdder, Melanie"]
[Result "0-1"]
[Termination "normal"]
[Board "1.1"]
[WhiteElo "1496"]
[BlackElo "1829"]
[WhiteClock "00:04:22"]
[BlackClock "00:13:55"]
[WhiteTeam "Karlsruher SF"]
[BlackTeam "SG Solingen"]
[PlyCount "58"]
[WhiteFideId "16236890"]
[BlackFideId "12994103"]
[EventCountry "GER"]
[EventRounds "7"]
[EventType "team-swiss"]
[EventDate "2017.12.26"]

1. e4 {[%clk 1:30:57]} c5 {[%clk 1:30:55]} 2. c3 {[%clk 1:31:23]} d5 {[%clk
1:31:17]} 3. exd5 {[%clk 1:31:37]} Qxd5 {[%clk 1:31:36]} 4. d4 {[%clk 1:31:51]}
Nc6 {[%clk 1:31:53]} 5. Nf3 {[%clk 1:31:49]} Bf5 {[%clk 1:32:09]} 6. dxc5
{[%clk 1:27:32]} Qxd1+ {[%clk 1:32:24]} 7. Kxd1 {[%clk 1:27:55]} O-O-O+ {[%clk
1:32:34]} 8. Nbd2 {[%clk 1:27:01]} e5 {[%clk 1:26:03]} 9. b4 {[%clk 1:22:31]}
Nf6 {[%clk 1:21:41]} 10. Bb2 {[%clk 1:15:24]} Be7 {[%clk 1:04:24]} 11. Bb5
{[%clk 1:10:43]} Ng4 {[%clk 0:51:10]} 12. Ke2 {[%clk 1:00:59]} e4 {[%clk
0:40:27]} 13. Bxc6 {[%clk 0:54:49]} exf3+ {[%clk 0:35:26]} 14. Bxf3 {[%clk
0:54:26]} Bg5 {[%clk 0:34:59]} 15. Ne4 {[%clk 0:33:52]} Rhe8 {[%clk 0:30:17]}
16. Kf1 {[%clk 0:32:20]} Bxe4 {[%clk 0:28:11]} 17. Bxg4+ {[%clk 0:29:51]} f5
{[%clk 0:28:30]} 18. Bf3 {[%clk 0:24:30]} Bd3+ {[%clk 0:27:14]} 19. Kg1 {[%clk
0:24:43]} Be2 {[%clk 0:26:15]} 20. h4 {[%clk 0:18:34]} Bf4 {[%clk 0:24:30]} 21.
Bxe2 {[%clk 0:18:13]} Rxe2 {[%clk 0:24:42]} 22. g3 {[%clk 0:18:00]} Be5 {[%clk
0:22:52]} 23. Ba3 {[%clk 0:16:38]} Rdd2 {[%clk 0:21:23]} 24. Rb1 {[%clk
0:09:04]} Bxc3 {[%clk 0:19:16]} 25. Rf1 {[%clk 0:06:08]} Rxa2 {[%clk 0:17:46]}
26. Bc1 {[%clk 0:06:29]} Bxb4 {[%clk 0:17:10]} 27. Be3 {[%clk 0:06:21]} Bc3
{[%clk 0:16:14]} 28. Kg2 {[%clk 0:05:06]} a5 {[%clk 0:15:12]} 29. Rc1 {[%clk
0:04:22]} Rxe3 {[%clk 0:13:55]} 0-1

[Event "DVM U14w 2017"]
[Site "Neumünster GER"]
[Date "2017.12.29"]
[Round "5"]
[White "Berelowitsch, Dana"]
[Black "Schulz, Hannah"]
[Result "1-0"]
[Termination "normal"]
[Board "1.2"]
[WhiteElo "1648"]
[BlackElo "1478"]
[WhiteClock "00:31:30"]
[BlackClock "00:44:40"]
[WhiteTeam "SG Solingen"]
[BlackTeam "Karlsruher SF"]
[PlyCount "59"]
[WhiteFideId "12977144"]
[BlackFideId "16244745"]
[EventCountry "GER"]
[EventRounds "7"]
[EventType "team-swiss"]
[EventDate "2017.12.26"]

1. e4 {[%clk 1:30:58]} c6 {[%clk 1:30:56]} 2. d4 {[%clk 1:31:24]} d5 {[%clk
1:31:23]} 3. Nc3 {[%clk 1:31:49]} dxe4 {[%clk 1:31:47]} 4. Nxe4 {[%clk
1:32:16]} Nf6 {[%clk 1:32:14]} 5. Nxf6+ {[%clk 1:32:40]} gxf6 {[%clk 1:32:40]}
6. c3 {[%clk 1:33:05]} Qc7 {[%clk 1:30:44]} 7. Nf3 {[%clk 1:32:41]} Bf5 {[%clk
1:30:31]} 8. g3 {[%clk 1:29:34]} e6 {[%clk 1:30:48]} 9. Bg2 {[%clk 1:28:30]}
Nd7 {[%clk 1:30:49]} 10. O-O {[%clk 1:27:49]} O-O-O {[%clk 1:30:53]} 11. b4
{[%clk 1:20:24]} Kb8 {[%clk 1:28:50]} 12. Bf4 {[%clk 1:18:42]} Bd6 {[%clk
1:28:32]} 13. Bxd6 {[%clk 1:18:46]} Qxd6 {[%clk 1:28:53]} 14. Nd2 {[%clk
1:14:30]} h5 {[%clk 1:24:15]} 15. Nc4 {[%clk 1:12:08]} Qc7 {[%clk 1:21:17]} 16.
h4 {[%clk 1:05:28]} e5 {[%clk 1:13:39]} 17. Ne3 {[%clk 0:57:46]} Be6 {[%clk
1:09:59]} 18. b5 {[%clk 0:55:39]} cxb5 {[%clk 1:06:11]} 19. d5 {[%clk 0:54:36]}
Bg4 {[%clk 1:05:33]} 20. Nxg4 {[%clk 0:54:33]} hxg4 {[%clk 1:05:36]} 21. Qxg4
{[%clk 0:53:23]} Qxc3 {[%clk 1:02:47]} 22. Rac1 {[%clk 0:50:29]} Qa5 {[%clk
1:01:45]} 23. Qf3 {[%clk 0:50:04]} Qb6 {[%clk 0:58:53]} 24. d6 {[%clk 0:48:22]}
Rc8 {[%clk 0:53:44]} 25. Bh3 {[%clk 0:40:51]} Rhd8 {[%clk 0:46:16]} 26. Rxc8+
{[%clk 0:36:04]} Kxc8 {[%clk 0:46:33]} 27. Rc1+ {[%clk 0:35:01]} Kb8 {[%clk
0:46:27]} 28. Rc7 {[%clk 0:34:04]} Nc5 {[%clk 0:44:40]} 29. Qxf6 {[%clk
0:31:38]} Ne6 30. Qxd8+ {[%clk 0:31:30]} 1-0